00828nam a22002177a 450000500170000001000150001702000270003203500140005903700130007308200120008610000280009824501150012626000540024127000530029530000220034850000500037070000190042094200260043999900190046595201260048420161110163158.0 aENG-116515 a9789350980477c1095.00 aEN-100047 bDBAD/PUB a954.023 aLauriston, Jean Law de  aA memoir of the Mughal Empire :cby Jean Law de Lauriston ; trancleted by H.S. Cheemab events of 1757-1761 / aNew DelhibManohar Publisher & Distributorsc2014 a4753/23 Ansari Road,DaryaganjbNew Delhie110002 a196p. c22cm (Hb) aIncludes bibliographical references and index a Cheema, H.S. 2ddccENh954.023mLAU c104582d104582 001040718NFICaDBADbBNd2016-11-10eDBAD/PUBg1095.00l0o954.023 LAUpEN-100047r2016-11-10 00:00:00t1v1095.00yEN